Pays avec un nom comportant le plus de B, de G etc... - Statistiques

Statistiques générales
  • Ce quiz a été pris 154 fois
    110 depuis la dernière actualisation
  • Le résultat moyen est 19 sur 42
Statistiques - réponses
Hint Réponse % Correct
2L 2N & 2P Papouasie-Nouvelle-Guinée
73%
2K Kazakhstan
66%
2S Russie
66%
2L Allemagne
62%
2S & 2T Etats-Unis
61%
3L & 2N Nouvelle-Zélande
59%
2N Turkménistan
58%
2S Biélorussie
57%
3S Suisse
57%
4T Trinité-et-Tobago
55%
5N 3S & 2T Saint-Vincent-et-les-Grenadines
54%
2N & 2T Liechtenstein
51%
2N 3S & 3T Saint-Christophe-et-Niévès
51%
2T Tadjikistan
51%
2B Antigua-et-Barbuda
47%
2T Lettonie
47%
2N Indonésie
46%
3D & 2S Soudan-du-Sud
46%
2N Afghanistan
43%
2B Barbade
43%
2S Guinée Bissau
43%
2R Corée-du-Nord
42%
2G Géorgie
42%
3P Philippines
42%
2N Bosnie-Herzégovine
41%
2N République dominicaine
41%
2R Andorre
39%
2N Argentine
39%
2N Saint-Marin
38%
2P Sao Tome et Principe
38%
3D & 2N Macédoine du Nord
36%
2N Monténégro
36%
2N Finlande
34%
2T Timor oriental
34%
2L Seychelles
32%
2L Marshall
31%
2R Sierra Leone
30%
2B Zimbabwe
30%
2N Tanzanie
28%
2S Pays-Bas
27%
2N Bénin
26%
2R Erythrée
22%
Aucun quiz correspondant
Distribution des résultats
% des personnes avec chaque résultat
Percentile par nombre de réponses
Votre historique - résultats
Vous n’avez pas pris ce quiz depuis la dernière actualisation